书目信息 |
| 题名: |
城市土地利用管理
|
|
| 作者: | 孔凡文 主编 | |
| 分册: | ||
| 出版信息: | 大连 大连理工大学出版社 2011.9 |
|
| 页数: | 294页 | |
| 开本: | 26cm | |
| 丛书名: | ||
| 单 册: | ||
| 中图分类: | F299.232 | |
| 科图分类: | ||
| 主题词: | 城市--土地利用--中国--高等学校--教材 , 城市--土地管理--中国--高等学校--教材 , 城市 , 土地利用 , 土地管理 | |
| 电子资源: | ||
| ISBN: | 978-7-5611-6195-1 | |
| 000 | 00975nam0 2200289 45 | |
| 001 | 1356780343 | |
| 005 | 20130515092921.46 | |
| 010 | @a978-7-5611-6195-1@dCNY33.00 | |
| 100 | @a20130108d2011 em y0chiy50 ea | |
| 101 | 0 | @achi |
| 102 | @aCN@b210000 | |
| 105 | @aak z 000yy | |
| 106 | @ar | |
| 200 | 1 | @a城市土地利用管理@ACheng Shi Tu地 Li Yong Guan Li@f孔凡文主编@FKong Fan Wen Zhu Bian |
| 210 | @a大连@c大连理工大学出版社@d2011.9 | |
| 215 | @a294页@c图@d26cm | |
| 300 | @a21世纪全国普通高校城市管理系列规划教材 | |
| 330 | @a本书主要内容包括:绪论;城市土地利用基本理论;我国城市土地制度;城市土地有偿使用;城市土地整理开发;城市土地集约利用等。 | |
| 606 | 0 | @a城市@x土地利用@y中国@x高等学校@j教材 |
| 606 | 0 | @a城市@x土地管理@y中国@x高等学校@j教材 |
| 606 | 0 | @a城市 |
| 606 | 0 | @a土地利用 |
| 606 | 0 | @a土地管理 |
| 690 | @aF299.232@v5 | |
| 701 | 0 | @a孔凡文@AKong Fan Wen@4主编 |
| 801 | @aCN@bTANGWEI@c20130108 | |
| 905 | @b0829171-75@dF299.232@e953@f5 | |
| 城市土地利用管理/孔凡文主编.-大连:大连理工大学出版社,2011.9 |
| 294页:图;26cm |
| 21世纪全国普通高校城市管理系列规划教材 |
| ISBN 978-7-5611-6195-1:CNY33.00 |
| 本书主要内容包括:绪论;城市土地利用基本理论;我国城市土地制度;城市土地有偿使用;城市土地整理开发;城市土地集约利用等。 |
| ● |
| 相关链接 |
|
|
|
|
正题名:城市土地利用管理
索取号:F299.232/953
 
预约/预借
| 序号 | 登录号 | 条形码 | 馆藏地/架位号 | 状态 | 备注 |
| 1 | 0829171 | 208291711 | 第一样本阅览室/ [索取号:F299.232/953] | 在馆 | |
| 2 | 0829172 | 208291720 | 第一借阅区/ [索取号:F299.232/953] | 在馆 | |
| 3 | 0829173 | 208291739 | 第一借阅区/ [索取号:F299.232/953] | 在馆 | |
| 4 | 0829174 | 208291748 | 第一借阅区/ [索取号:F299.232/953] | 在馆 | |
| 5 | 0829175 | 208291757 | 密集书库-资源管理系/ [索取号:F299.232/953] | 在馆 |